| 000 | 01024cam a22003135i 4500 | ||
|---|---|---|---|
| 999 |
_c29015 _d28986 |
||
| 001 | 10485991 | ||
| 003 | EG-ScBUE | ||
| 005 | 20201104124821.0 | ||
| 008 | 120426s2012 aj a f 000 0 eng d | ||
| 020 | _a9789952453027 | ||
| 035 | _a(OCoLC)ocn793709640 | ||
| 035 | _a10485991 | ||
| 040 |
_aCtY _beng _erda _cCtY _dCtY _dEG-ScBUE |
||
| 043 | _aa-aj--- | ||
| 082 | 0 | 4 |
_a746.794754 _bAZE _222 |
| 245 | 0 | 0 |
_aAzerbaijani carpets / _c[editor-in-chief, Vidadi Muradov]. |
| 264 | 1 |
_aBaku City : _b[Azer-Ilme], _c2012. |
|
| 300 |
_a191 pages : _billustrations ; _c30 cm |
||
| 336 |
_atext _btxt _2rdacontent |
||
| 337 |
_aunmediated _bn _2rdamedia |
||
| 338 |
_avolume _bnc _2rdacarrier |
||
| 650 | 7 |
_aRugs _zAzerbaijan _xHistory _vPeriodicals. |
|
| 650 | 7 |
_aRugs _zAzerbaijan _vPeriodicals. |
|
| 650 | 7 |
_aRugs, Oriental _zAzerbaijan _xHistory _vPeriodicals. |
|
| 650 | 7 |
_aRugs, Oriental _zAzerbaijan _vPeriodicals. |
|
| 653 |
_bGGEN _cNovember2020 |
||
| 700 | 1 |
_aMuradov, V. G. _q(Vidadi Gabibullakh ogly) _eeditor. |
|
| 942 |
_2ddc _cBB |
||